000 00628nam a2200241Ia 4500
003 OSt
005 20221006155641.0
006 a|||||r|||| 00| 0
007 ta
008 221006b |||||||| |||| 00| 0 chi d
024 _a42,936
037 _cTextual
040 _aEASL
_cEASL
_bchi
041 _2chi
_achi
082 _aV41, H8
245 0 _aXunfu Zhuxi de Gaiming Gongzuoxing Richang Shenghua
260 _aChina
_bXunfu Zhuxi Jingzhuan Fuzongtong Zuzhuan Weiyuanhui China
_c1948
300 _ap.
_ccm.
490 _v CCL
650 _aCCL
942 _hV41, H8
_cTEXL
_2CC
999 _c1111022
_d1111022